Please don't hurt me / (Record no. 17871)

000 -LEADER
fixed length control field 01130cam a2200325 a 4500
001 - CONTROL NUMBER
control field 1463507
003 - CONTROL NUMBER IDENTIFIER
control field OkBaRHE
005 - DATE AND TIME OF LATEST TRANSACTION
control field 20110913210551.0
008 - FIXED-LENGTH DATA ELEMENTS--GENERAL INFORMATION
fixed length control field 870617s1987 ilu b 000 0 eng
010 ## - LIBRARY OF CONGRESS CONTROL NUMBER
LC control number 86063144
020 ## - INTERNATIONAL STANDARD BOOK NUMBER
International Standard Book Number 0896937437 (pbk.)
040 ## - CATALOGING SOURCE
Original cataloging agency DLC
Transcribing agency DLC
Modifying agency DLC
043 ## - GEOGRAPHIC AREA CODE
Geographic area code n-us---
050 00 - LIBRARY OF CONGRESS CALL NUMBER
Classification number HV 6626.5
Item number .M37 1987
082 00 - DEWEY DECIMAL CLASSIFICATION NUMBER
Classification number 362.8/2
Edition number 19
100 1# - MAIN ENTRY--PERSONAL NAME
Personal name Martin, Grant.
9 (RLIN) 1319
245 10 - TITLE STATEMENT
Title Please don't hurt me /
Statement of responsibility, etc Grant Martin.
260 ## - PUBLICATION, DISTRIBUTION, ETC. (IMPRINT)
Place of publication, distribution, etc Wheaton, Ill. :
Name of publisher, distributor, etc Victor Books,
Date of publication, distribution, etc c1987.
300 ## - PHYSICAL DESCRIPTION
Extent 192 p. ;
Dimensions 22 cm.
504 ## - BIBLIOGRAPHY, ETC. NOTE
Bibliography, etc Includes bibliographies.
650 #0 - SUBJECT ADDED ENTRY--TOPICAL TERM
Topical term or geographic name as entry element Child abuse
Geographic subdivision United States.
9 (RLIN) 1320
650 #0 - SUBJECT ADDED ENTRY--TOPICAL TERM
Topical term or geographic name as entry element Child abuse
Geographic subdivision United States
General subdivision Prevention.
9 (RLIN) 1321
650 #0 - SUBJECT ADDED ENTRY--TOPICAL TERM
Topical term or geographic name as entry element Child sexual abuse
Geographic subdivision United States.
9 (RLIN) 1322
650 #0 - SUBJECT ADDED ENTRY--TOPICAL TERM
Topical term or geographic name as entry element Child sexual abuse
Geographic subdivision United States
General subdivision Prevention.
9 (RLIN) 1323
650 #0 - SUBJECT ADDED ENTRY--TOPICAL TERM
Topical term or geographic name as entry element Wife abuse
Geographic subdivision United States.
9 (RLIN) 1324
650 #0 - SUBJECT ADDED ENTRY--TOPICAL TERM
Topical term or geographic name as entry element Wife abuse
Geographic subdivision United States
General subdivision Prevention.
9 (RLIN) 1325
906 ## - LOCAL DATA ELEMENT F, LDF (RLIN)
a 7
b cbc
c orignew
d 2
e opcn
f 19
g y-gencatlg
942 ## - ADDED ENTRY ELEMENTS (KOHA)
Source of classification or shelving scheme
Koha item type Books
Copies
Current Location Date acquired Shelving location Koha item type Damaged status Withdrawn status Barcode Date last seen Source of classification or shelving scheme Price effective from Permanent Location Copy number Lost status Not for loan Full call number
RHEMA Bible Training College2011-09-13General StacksBooks  220752011-09-13 2011-09-13RHEMA Bible Training College1  HV 6626.5 .M37 1987